Navíos del Imperio Español - Estadísticas

Estadísticas generales
  • Esta prueba ha sido intentada 6 veces
  • La puntuación promedio es 3 de 10
Estadísticas de respuestas
Hint Respuesta % Correcto
Navío de línea operativo de 1784 a 1816 con112 cañones. Santa Ana
67%
Navío de línea de 1747 famoso por resistir hasta su capturauna emboscada de 12 navíos ingleses. El Glorioso
50%
Navío de línea del siglo XVIII construido en el Real Astillero de la Habana con 140 cañones. La Santísima Trinidad
50%
Las tres carabelas que llevaron a Colón a América en 1492. Niña, Pinta y Santa María
33%
Navío construido en La Habana apodado Los Santos Reyes. Príncipe de Asturias
33%
Navío de 112 cañones que se hundió durante un temporalen Cádiz en 1810. Purísima Concepción
33%
Con 112 cañones, explotó en 1801 por fuego amigo del RealCarlos. San Hermenegildo
33%
Navío de línea de 74 cañones capturado en la batalla de Trafalgar, construido en Cantabria. San Juan de Nepomuceno
17%
Construido en Ferrol de la categoría de los Ildefonsinos desaparecido en el 1819 en el Oceano Antártico. San Telmo
17%
Navío construido en Génova con 80 cañones que en 1723fue comprado. Gran Princesa de los Cielos
0%
No se encontraron pruebas coincidentes
Distribución de puntuación
Porcentaje de gente con cada puntuación
Porcentaje por número respondido
Historial de tus puntuaciones
No has intentado esta prueba.